Comentarios sobre la inseguridad vial en Costa Rica
Uloženo v:
| Hlavní autor: | |
|---|---|
| Médium: | Kniha |
| Jazyk: | Spanish |
| Vydáno: |
[San Jose, Costa Rica]
[1994]
|
| Tagy: |
Přidat tag
Žádné tagy, Buďte první, kdo vytvoří štítek k tomuto záznamu!
|
MARC
| LEADER | 00000nam a2200000Ia 4500 | ||
|---|---|---|---|
| 003 | MV0131 | ||
| 005 | 20230718143607.0 | ||
| 008 | 140116s1994 cr 000 ||spa d | ||
| 040 | |c cru CEDI | ||
| 100 | |a Pujol Mesalles, Rosendo, 1951- |9 967 | ||
| 245 | |a Comentarios sobre la inseguridad vial en Costa Rica | ||
| 260 | |a [San Jose, Costa Rica] |c [1994] | ||
| 942 | |c CEDI |h MV 131 |6 MV_131_000000000000000 | ||
| 999 | |c 13284 |d 13284 | ||
